Na obzoru (snad) svítá
Tempo ekonomického rastu sa v krajinách OECD v roku 2001 spomalilo. Faktory ktoré ekonomický rozvoj tlmia. Rast HDP v krajinách OECD. Porovnanie vývoja USA a Európy. Variantné scenáre vývoja v USA a v Európe.
Na minha lista:
| Autor principal: | |
|---|---|
| Formato: | Capítulo de Livro |
| Idioma: | tcheco |
| Assuntos: | |
| Tags: |
Sem tags, seja o primeiro a adicionar uma tag!
|
MARC
| LEADER | 00000naa a2200000 4500 | ||
|---|---|---|---|
| 001 | r041750 | ||
| 005 | 20231004065622.7 | ||
| 041 | 0 | |a cze | |
| 044 | |a CZ | ||
| 245 | 1 | 0 | |a Na obzoru (snad) svítá |c Marcela Dolečková |
| 520 | |a Tempo ekonomického rastu sa v krajinách OECD v roku 2001 spomalilo. Faktory ktoré ekonomický rozvoj tlmia. Rast HDP v krajinách OECD. Porovnanie vývoja USA a Európy. Variantné scenáre vývoja v USA a v Európe. | ||
| 610 | 2 | 0 | |a vývoj hospodársky |
| 610 | 2 | 0 | |a Európa |
| 610 | 2 | 0 | |a krajiny vyspelé |
| 610 | 2 | 0 | |a USA |
| 610 | 2 | 0 | |a ukazovatele makroekonomické |
| 610 | 2 | 0 | |a produkt domáci hrubý |
| 610 | 2 | 0 | |a úpadok hospodársky |
| 610 | 2 | 0 | |a OECD |
| 100 | 1 | |a Dolečková, Marcela | |